Online Catalogue and eLibrary

The new feminist criticism : (Record no. 3126)

MARC details
000 -LEADER
fixed length control field 00446nam a2200169Ia 4500
005 - DATE AND TIME OF LATEST TRANSACTION
control field 20240823052525.0
008 - FIXED-LENGTH DATA ELEMENTS--GENERAL INFORMATION
fixed length control field 240331s9999 xx 000 0 und d
082 ## - DDC Classification
Class No. 801
245 #4 - TITLE STATEMENT
Title The new feminist criticism :
Remainder of title essays on women,literature, and theory
260 ## - PUBLICATION, DISTRIBUTION, ETC.
Place of publication, distribution, etc. London
Name of publisher, distributor, etc. Virago press Limited
Date of publication, distribution, etc. 1986
300 ## - PHYSICAL DESCRIPTION
Extent (e.g. Volumes, Pages etc.) ix, 403 p .,
650 ## - SUBJECT ADDED ENTRY--TOPICAL TERM
Topical term or geographic name entry element Women
650 ## - SUBJECT ADDED ENTRY--TOPICAL TERM
Topical term or geographic name entry element Literature
650 ## - SUBJECT ADDED ENTRY--TOPICAL TERM
Topical term or geographic name entry element Theory
700 ## - ADDED ENTRY--PERSONAL NAME
Personal name Showalter, E.
Relator term (Role) Editor
942 ## - Koha item type (Biblio)
Koha item type Books in Stacks (Lending)
Holdings
Lost status Damaged status Collection code Home library Current library Shelving location Date acquired Full call number Accession Number Item type
    Lending WERC Library WERC Library Social Science Cupboard 03/31/2024 801THE 2694 Books in Stacks (Lending)

© WERC Library